| 000 | 01349cad a22002295a 4500 | ||
|---|---|---|---|
| 001 | L143119 | ||
| 008 | 080408s2008 xxkd f s 000 0 eng d | ||
| 035 | _a(Sirsi) u143119 | ||
| 041 | 0 | _aeng | |
| 050 | 0 | 4 | _a333.72 $2 18 |
| 110 | 2 |
_aRoyal Institution of Chartered Surveyors _94900 |
|
| 245 | 0 | 0 |
_aEnergy fact sheets _h[electronic resource] |
| 260 |
_aLondon _bRICS _c2008 |
||
| 505 | 2 | _aAustralia -- China -- India -- New Zealand -- Norway -- Portugal -- Spain -- Sweden -- United Kingdom -- United States | |
| 520 | _aEach report specifies key trends within the specific country being analysed. Specifies areas of activity which consume the greatest amount of energy. Generation patterns are profiled with specific attention given to future plans for the use of renewable sources and the implementation of energy efficiency measures and legislation. Global trends are outlined in order to place the country within an international context in terms of energy production and consumption. An overview of energy strategies and building regulations is presented. | ||
| 521 | 2 | _aAdvanced | |
| 590 | _aKA | ||
| 651 | 4 | _aInternational | |
| 690 | _aENVIRONMENTAL AND LAND CONSULTANCY-ENERGY | ||
| 856 | 4 | 0 |
_uhttps://www.rics.org/site/scripts/documents_info.aspx?documentID=440 _zView the fact sheets free of charge at www.rics.org... |
| 942 | _n0 | ||
| 999 |
_c108066 _d108066 |
||